Harvesting feminist knowledge for public policy: rebuilding progress (Record no. 45384)

MARC details
000 -LEADER
fixed length control field 00827nam a2200229 a 4500
001 - CONTROL NUMBER
control field 16988284
008 - FIXED-LENGTH DATA ELEMENTS--GENERAL INFORMATION
fixed length control field 120622s2011 ||||||||||||||||| || u
010 ## - LIBRARY OF CONGRESS CONTROL NUMBER
LC control number 2011041476
020 ## - INTERNATIONAL STANDARD BOOK NUMBER
International Standard Book Number 9788132107415 (hbk. : alk. paper)
050 ## - LIBRARY OF CONGRESS CALL NUMBER
Classification number HQ 1240 Hav
100 ## - MAIN ENTRY--PERSONAL NAME
Personal name Jain, Devaki
245 10 - TITLE STATEMENT
Title Harvesting feminist knowledge for public policy: rebuilding progress
Statement of responsibility, etc. edited by Devaki Jain; Diane Elson
260 ## - PUBLICATION, DISTRIBUTION, ETC.
Place of publication, distribution, etc. Los Angeles:
Name of publisher, distributor, etc. SAGE Publications
Date of publication, distribution, etc. 2011
300 ## - PHYSICAL DESCRIPTION
Extent xlvi, 347 p.: ill:
500 ## - GENERAL NOTE
General note Includes bibliography
650 #0 - SUBJECT ADDED ENTRY--TOPICAL TERM
Topical term or geographic name entry element SOCIAL POLICY
650 #0 - SUBJECT ADDED ENTRY--TOPICAL TERM
Topical term or geographic name entry element ECONOMIC POLICY
650 #0 - SUBJECT ADDED ENTRY--TOPICAL TERM
Topical term or geographic name entry element WOMEN IN DEVELOPMENT
650 #0 - SUBJECT ADDED ENTRY--TOPICAL TERM
Topical term or geographic name entry element FEMINISM
700 ## - ADDED ENTRY--PERSONAL NAME
Personal name Elson, Diane
995 ## - RECOMMENDATION 995 [LOCAL, UNIMARC FRANCE]
-- CBU-MAIN LIBRARY (Kitwe)
-- 1
-- AVAILABLE
-- Jun 22, 2012
-- Main Library Open Access Collection
Holdings
Withdrawn status Lost status Source of classification or shelving scheme Damaged status Not for loan Home library Current library Shelving location Date acquired Total Checkouts Full call number Barcode Date last seen Price effective from Koha item type
          CBU-MAIN LIBRARY, KITWE. CBU-MAIN LIBRARY, KITWE.   11/30/2022   HQ 1240 Hav 743043 11/30/2022 11/30/2022 MONOGRAPH